000 01062nam a22003497a 4500
001 BR0803514
003 BR-BrBNA
005 20230928102614.0
007 ta
008 230509b bl.||||| |||| 00| 0 por d
040 _aBR-BrBNA
_bpor
_cBiblioteca Nacional de Agricultura
041 _a(Por)
072 _aP01; D50; B50
090 _ P01 BR0803514
100 1 _aPedroasa, I.L.
110 1 _aBanco do Nordeste do Brasil, Fortaleza, CE (Brasil)
_91130
245 1 _aA gestão ambiental e o pólo turístico Cabo Branco; uma abordagem sobre desenvolvimento e meio ambiente
_bSérie BNB Teses e Dissertações nº 6
260 3 _aFortaleza, CE (Brasil):
_c2007.
300 _a172 p.
500 _aBibliography p. 136-144; 30 illus.
650 _aMEIO AMBIENTE
650 _aGESTÃO
650 _aTURÍSMO
650 _aZONEAMENTO ECOLÓGICO
650 _aLEGISLAÇÃO
650 _aIMPACTO AMBIENTAL
650 _aEDUCAÇÃO AMBIENTAL
650 _aHISTÓRIA
650 _aPARAÍBA
909 _a202309
_bLucia
_c55
_dLucia Elande
942 _cBK
999 _c71626
_d71626